000 00788nam a22002177a 4500
999 _c442331
_d442331
003 UA-OsUOA
005 20191002101146.0
008 190919b un ||||| |||| 00| 0 ukr d
040 _aUA-OsUOA
_bukr
_cUA-OsUOA
_dUA-OsUOA
041 _aukr
080 _a82.09
090 _a82.09
_bІ-75
100 _aІофанов Д
245 _aМатеріали про життя і творчість Тараса Шевченка
_cД. Іофанов
260 _aКиїв
_bХудожня література
_c1957
300 _a236 с.
856 4 0 _yКлацніть тут для перегляду онлайн
942 _2udc
_cBK
955 _a1